|
|
|
|
| LEADER |
00000cam a2200000 i 4500 |
| 001 |
1/85869 |
| 008 |
050920q19701980 gre d |
| 035 |
|
|
|l 10080390
|
| 040 |
|
|
|a GR-MY-UA
|b gre
|e aacr
|
| 041 |
0 |
|
|a gre
|
| 082 |
0 |
|
|a 291.01
|2 (22)
|
| 100 |
1 |
|
|a Berdi︠a︡ev, Nikolaĭ,
|d 1874-1948.
|
| 245 |
1 |
0 |
|a Αλήθεια και αποκάλυψη /
|c Νικόλαος Μπερντιαέφ ; εισαγωγή, μετάφραση, σημειώσεις Χρήστου Μαλεβίτση
|
| 260 |
|
|
|a Αθήνα :
|b Δωδώνη,
|c [19--;]
|
| 300 |
|
|
|a 231 σ.;
|c 20 εκ.
|
| 500 |
|
|
|a Το αντίτυπο με αριθμό εισαγωγής 122303 είναι δεμένο με: Η Καινή Διαθήκη / Γεωργίου Α. Χατζηαντωνίου. - Άνθρωπος και θεάνθρωπος / Αρχιμανδρίτου Ιουστινού Πόποβιτς. -
|
| 504 |
|
|
|a Βιβλιογραφία: σ.229-231
|
| 650 |
0 |
0 |
|a Truth.
|
| 650 |
0 |
0 |
|a Philosophy and religion.
|
| 700 |
1 |
|
|a Μαλεβίτσης, Χρήστος Χ.,
|d 1927-1997.
|4 trl
|
| 852 |
|
|
|a INST
|b RHODES
|c KRI
|e 20051107
|h 225 ΧΑΤ
|p 005400030827
|q 005400030827
|t BK
|y 0
|
| 852 |
|
|
|a INST
|b RHODES
|c KRI
|e 20050920
|h 291.01 BER
|p 005400022365
|q 005400022365
|t BK
|y 0
|
| 901 |
|
|
|a BIBL4-2005-3
|
| 909 |
|
|
|a Ρ
|b 122409
|
| 909 |
|
|
|a Ρ
|b 122303
|
| 920 |
|
|
|a ΚΡΙΚΩΝΗΣ
|b ΔΗΜΗΤΡΙΟΣ Ι.
|y ΡΟΔΟΣ
|z 2004-10
|
| 970 |
|
|
|a ΣΙΔΕΡΗ
|b ΝΕΚΤΑΡΙΑ
|z 2005/09/20
|